[Event "FRA-ch Blitz Online Qual"]
[Site "Europe Echecs INT"]
[Date "2020.05.16"]
[Round "7"]
[White "Lambert Hoareau, Guillaume"]
[Black "Triton, Maxime"]
[Result "0-1"]
[WhiteElo "1348"]
[BlackElo "1843"]
[PlyCount "68"]
[EventDate "2020.05.16"]
[EventType "swiss (blitz)"]
[EventRounds "15"]
[EventCountry "FRA"]
[SourceTitle "CBM 196 Extra"]
[Source "ChessBase"]
[SourceDate "2020.07.31"]
[SourceVersion "1"]
[SourceVersionDate "2020.07.31"]
[SourceQuality "1"]

1. e4 c5 2. Nc3 e6 3. g3 d5 4. exd5 exd5 5. Bg2 d4 6. Nce2 Nf6 7. f4 Be7 8. Nf3 0-0 9. 0-0 Nc6 10. d3 Nd5 11. c4 Ne3 12. Bxe3 dxe3 13. Nc3 Be6 14. Qe2 Nd4 15. Nxd4 cxd4 16. Ne4 Rb8 17. b3 f5 18. Ng5 Bxg5 19. fxg5 Qxg5 20. a4 b6 21. a5 b5 22. a6 bxc4 23. bxc4 f4 24. gxf4 Rxf4 25. Rxf4 Qxf4 26. Rf1 Qd6 27. Bb7 Bf7 28. Qf3 Qe7 29. c5 Rf8 30. Bd5 Bxd5 31. Qxd5+ Kh8 32. Rxf8+ Qxf8 33. c6 Qf2+ 34. Kh1 Qf1# 0-1